Schweizerdeutsch - Hochdeutsch - Statistiken

Allgemein
  • Dieses Quiz wurde 507 mal gespielt
  • Das Durchschnittsergebnis liegt bei 11 aus 15
Antwortstatistiken
Hint Antwort % Korrekt
Glace Speiseeis
97%
Velo Fahrrad
95%
Billet Fahrkarte
91%
Rüebli Karotte
91%
Coiffeur Friseur
82%
Töff Motorrad
82%
Trottoir Bürgersteig
77%
Beiz Kneipe
74%
Götti Pate
72%
Finken Hausschuhe
68%
Güetzi Keks
67%
Ghüder Abfall
59%
schutten Fussball spielen
55%
Nidle Sahne
52%
plagieren prahlen
28%
Keine übereinstimmenden Quizze gefunden
Verteilung der Resultate
Anzahl Personen mit jedem Resultat
Perzentil nach korrekt beantworteten Fragen
Ihre Resultats-Entwicklung
Sie haben dieses Quiz noch nicht gespielt